000 00241nam a2200097Ia 4500
001 687307
005 20250826161553.0
008 250824s9999 xx 000 0 und d
245 0 _aGEVREKÇİ
_cHACER KILCIOĞLU
260 _bGÜNIŞIĞI YAYINLARI
999 _c687307
_d687307